| Tag |
First Indicator |
Second Indicator |
Subfields |
| LEADER |
00000nam a2200000Ia 4500 |
| 001 |
in00004242016 |
| 005 |
20200807091702.0 |
| 006 |
m g d |
| 007 |
cr bn |||a|bb| |
| 008 |
840124s1685 enka o 00| | eng d |
| 035 |
|
|
|a (OCoLC)10334056
|
| 040 |
|
|
|a UMI
|c UMI
|d WaOLN
|
| 037 |
|
|
|a CL0037000047
|b ProQuest Information and Learning. 300 N. Zeeb Rd., Ann Arbor, MI 48106
|
| 049 |
|
|
|a UMIA
|
| 090 |
|
|
|a BF1679
|b .G63 1668
|
| 100 |
0 |
|
|a Godfridus.
|
| 245 |
1 |
4 |
|a The knowledge of things unknown :
|b shewing the effects of the planets and other astronomical constellations, with the strange events that befall men, women, and children born under them /
|c compiled by Godfridus. Together with The husbandman's practice ... with The shepherds prognostication for the weather, and Pythagoras' Wheel of fortune.
|
| 260 |
|
|
|a [London?] :
|b Printed for W. Thackeray,
|c 1685.
|
| 300 |
|
|
|a 1 online resource ([7], 172, [12] pages :
|b illustrations.
|
| 336 |
|
|
|a text
|b txt
|2 rdacontent
|
| 337 |
|
|
|a computer
|b c
|2 rdamedia
|
| 338 |
|
|
|a online resource
|b cr
|2 rdacarrier
|
| 500 |
|
|
|a "The husband-mans practice," (p. 77-135) and "The shepherds prognostication for the weather" (pages 136-146) have special t.p.s.
|
| 500 |
|
|
|a Reproduction of original in the Harvard University Library.
|
| 510 |
4 |
|
|a Wing
|c G931B.
|
| 533 |
|
|
|a Electronic reproduction.
|b Ann Arbor, Mich. :
|c UMI,
|d 1999-
|f (Early English books online)
|n Digital version of: (Early English books, 1641-1700 ; 1384:63)
|7 s1999 miun s
|
| 650 |
|
0 |
|a Astrology
|v Early works to 1800.
|
| 700 |
0 |
2 |
|a Malampus,
|d 3rd cent. B.C.
|t Shepherds prognostication for the weather.
|
| 730 |
0 |
2 |
|a Husband-man's practice.
|
| 730 |
0 |
2 |
|a Shepherds prognostication for the weather.
|
| 830 |
|
0 |
|a Early English books online.
|
| 856 |
4 |
0 |
|u http://proxy.library.tamu.edu/login?url=https://search.proquest.com/docview/2240952451
|z Connect to the full text of this electronic book
|t 0
|
| 999 |
f |
f |
|s 6d3abc12-b940-34b9-8992-7721f2f35455
|i 2a6faca5-482e-312e-9b65-af9e1f67d04a
|t 0
|
| 952 |
f |
f |
|a Texas A&M University
|b College Station
|c Electronic Resources
|d Available Online
|t 0
|e BF1679 .G63 1668
|h Library of Congress classification
|
| 998 |
f |
f |
|a BF1679 .G63 1668
|t 0
|l Available Online
|